000 00598nam a2200217Ia 4500
005 20250522104331.0
008 008 250516s9999 xx 000 0 eng d
020 _a9781470419165
040 _aSDCL
_beng
_cSDCL
041 _aeng
_2eng
084 _aB26, Q4
_qSDCL
100 _aRotman, Joseph J. Au.
_9727747
245 0 _aAdvanced modern algebra
250 _a2nd ed.
260 _aNew Delhi:
_bAmerican Mathematical Society,
_c2014.
300 _axvi,1008p.
365 _aINR
_b0
490 _aGraduate studies in mathematics Volume 114
650 _aMathematics
942 _cTEXL
999 _c1429977
_d1429977